| 000 | 01321cam a2200373 a 4500 | ||
|---|---|---|---|
| 001 | 2053658 | ||
| 003 | LC | ||
| 005 | 20160315141215.0 | ||
| 008 | 930810s1993 nyu 000 1 eng c | ||
| 010 | _a 93070819 | ||
| 020 | _a0-446-36550-5 | ||
| 040 |
_aDLC/MoSU-L _cMoSU-L _dOCoLC _dDLC _dOCoLC _dDLC |
||
| 042 | _alcnccp | ||
| 043 | _an-us-il | ||
| 050 | 0 | 0 |
_aPS 3570.U754 _b.T956 1994 |
| 082 |
_aFIC _bT86pl 1993 |
||
| 100 | 1 |
_aTurow, Scott. _918634 |
|
| 245 | 1 | 0 |
_aPleading guilty / _cScott Turow. |
| 250 | _a1st ed. | ||
| 260 |
_aNew York : _bFarrar, Straus and Giroux, _c1994. |
||
| 300 |
_a386 p. : _c18 cm. |
||
| 650 | 0 |
_aKindle County (Imaginary place) _xFiction. _918635 |
|
| 650 | 0 |
_aEmbezzlement _xFiction. _918636 |
|
| 650 | 0 |
_aMissing persons _xFiction. _918637 |
|
| 651 | 0 |
_aChicago (Ill.) _xFiction. _918638 |
|
| 655 | 7 |
_aLegal stories. _2gsafd _914108 |
|
| 856 | 4 | 2 |
_3Contributor biographical information _uhttp://www.loc.gov/catdir/bios/hol056/93070819.html |
| 856 | 4 | 2 |
_3Publisher description _uhttp://www.loc.gov/catdir/description/hol054/93070819.html |
| 856 | 4 | 1 |
_3Sample text _uhttp://www.loc.gov/catdir/enhancements/fy1101/93070819-s.html |
| 906 |
_a7 _bcbc _cnccpada _d2 _eopcn _f19 _gy-gencatlg |
||
| 942 |
_2lcc _cBK |
||
| 999 |
_c11013 _d11013 |
||